Exploring Java /

Bibliographic Details
Main Author: Niemeyer, Patrick
Other Authors: Peck, Joshua
Format: Book
Language:English
Published: Cambridge [Mass.] : O'Reilly, [1997]
Edition:2nd ed.
Series:Java series (O'Reilly & Associates)
Subjects:

MARC

Tag First Indicator Second Indicator Subfields
LEADER 00000cam a2200000 a 4500
001 in00001409310
005 20151020062408.0
008 971212s1997 maua 001 0 eng
010 |a  97224808  
020 |a 1565922719 
035 |a (OCoLC)37720019 
035 |9 AHP1376AM 
040 |a DLC  |c DLC  |d TXA  |d UtOrBLW 
049 |a TXAM 
050 0 0 |a QA76.73.J38  |b N54 1997 
082 0 0 |a 005.13/3  |2 21 
100 1 |a Niemeyer, Patrick. 
245 1 0 |a Exploring Java /  |c Patrick Niemeyer and Joshua Peck. 
250 |a 2nd ed. 
264 1 |a Cambridge [Mass.] :  |b O'Reilly,  |c [1997] 
264 4 |c ©1997 
300 |a xviii, 594 pages :  |b illustrations ;  |c 24 cm. 
336 |a text  |b txt  |2 rdacontent 
337 |a unmediated  |b n  |2 rdamedia 
338 |a volume  |b nc  |2 rdacarrier 
490 1 |a The Java series 
500 |a Includes index. 
650 0 |a Java (Computer program language) 
700 1 |a Peck, Joshua. 
830 0 |a Java series (O'Reilly & Associates) 
948 |a c:blr  |d 20030515 
999 |a MARS 
999 f f |s e4908454-61cd-3721-a9be-0e5b02df2472  |i e6649e5f-8bdb-3132-bbba-69a4d2bce9c0  |t 0 
952 f f |p normal  |a Texas A&M University  |b College Station  |c Sterling C. Evans Library  |d Evans: Library Stacks  |t 0  |e QA76.73.J38 N54 1997  |h Library of Congress classification  |i unmediated -- volume  |m A14822399854 
998 f f |a QA76.73.J38 N54 1997  |t 0  |l Evans: Library Stacks